| 000 | 00622nam a2200169 4500 | ||
|---|---|---|---|
| 001 | 111232 | ||
| 003 | ES-MaACL | ||
| 005 | 20230906185252.0 | ||
| 007 | t| | ||
| 008 | 061121s1971 sp r ||||1| spa d | ||
| 100 | 1 |
_aOlesa Muñido, Francisco-Felipe. _986703 |
|
| 245 | 1 | 3 |
_aLa galera en la navegación y el combate / _cFrancisco-Felipe Olesa Muñido. |
| 260 |
_aMadrid ; Barcelona : _bJunta Ejecutiva del IV Centenario de la Batalla de Lepanto : Ariel, _c1971. |
||
| 300 |
_a1v. : _bil. ; _c20 cm. |
||
| 710 | 2 |
_aJunta Ejecutiva del IV Centenario de la Batalla de Lepanto. _95405 |
|
| 852 |
_aES-MaACL _jP-1820 _bR.82640 |
||
| 999 |
_c111232 _d111232 |
||